[Event "BL"]
[Site "?"]
[Date "1991.??.??"]
[Round "?"]
[White "Razuvaev, Yuri S"]
[Black "Short, Nigel D"]
[Result "0-1"]
[WhiteElo "2585"]
[BlackElo "2635"]
[PlyCount "131"]
[EventDate "1991.??.??"]
[Source "www.chesslib.no"]
[SourceDate "2004.05.04"]

1. d4 e6 2. c4 f5 3. g3 Nf6 4. Bg2 Be7 5. Nf3 d5 6. O-O O-O 7. Nbd2 Nc6 8. b3 a5 9. a3 Bd7 10. Bb2 Ne4 11. e3 Be8 12. Nxe4 fxe4 13. Nd2 Bf6 14. f3 exf3 15. Bxf3 Bg6 16. Bg4 Qe7 17. Qe2 Rad8 18. Bf3 Kh8 19. Qg2 Qd7 20. Rad1 Ne7 21. e4 c5 22. Bg4 Qc6 23. cxd5 exd5 24. e5 Bg5 25. Rxf8+ Rxf8 26. Qe2 cxd4 27. Bxd4 Qc2 28. Nf1 Nc6 29. Be3 Bxe3+ 30. Nxe3 Qxe2 31. Bxe2 d4 32. Nc4 Bc2 33. Rd2 Bxb3 34. e6 Re8 35. Nd6 Re7 36. Bf3 Bxe6 37. Nxb7 Rxb7 38. Bxc6 Rb6 39. Be4 Rd6 40. Kf2 g6 41. Rb2 Bc4 42. Rc2 Rf6+ 43. Kg1 Ba6 44. Rc5 a4 45. Rd5 Rf1+ 46. Kg2 Rd1 47. g4 Bc4 48. Ra5 d3 49. Bf3 Rd2+ 50. Kg3 Bb3 51. g5 Ra2 52. Ra8+ Kg7 53. Rd8 d2 54. Kf4 Kf7 55. h4 Ke7 56. Rd4 Rxa3 57. Rxd2 Ra1 58. Rd3 Be6 59. Re3 Kd6 60. Rd3+ Kc5 61. Rc3+ Kd4 62. Re3 Bc4 63. Re4+ Kc3 64. Re3+ Kb4 65. Re7 a3 66. Rb7+ 0-1

[Event "Novi Sad ol (Men)"]
[Site "Novi Sad YUG"]
[Date "1990.??.??"]
[Round "13"]
[White "Olafsson, Helgi"]
[Black "Short, Nigel D"]
[Result "1/2-1/2"]
[WhiteElo "2575"]
[BlackElo "2635"]
[PlyCount "39"]
[EventDate "1990.11.??"]
[Source "www.chesslib.no"]
[SourceDate "2004.05.04"]

1. d4 e6 2. c4 f5 3. g3 Nf6 4. Bg2 Be7 5. Nf3 d5 6. O-O O-O 7. Nbd2 a5 8. Ne5 a4 9. Ndf3 Ne4 10. Qc2 Bd7 11. Bd2 Be8 12. Rac1 c6 13. Nd3 Nd7 14. Bb4 Bxb4 15. Nxb4 Bh5 16. c5 Bxf3 17. exf3 Ng5 18. f4 Nf7 19. Nd3 Re8 20. Rfe1 1/2-1/2

[Event "Tilburg"]
[Site "?"]
[Date "1990.??.??"]
[Round "?"]
[White "Nikolic, Pr"]
[Black "Short, N."]
[Result "0-1"]
[WhiteElo "2600"]
[BlackElo "2610"]
[PlyCount "72"]
[EventDate "1990.??.??"]
[Source "ChessBase"]
[SourceDate "1990.07.01"]

1. d4 e6 2. c4 f5 3. g3 Nf6 4. Bg2 Be7 5. Nf3 O-O 6. d5 Ne4 7. O-O Bf6 8. Nbd2 Nxd2 9. Nxd2 exd5 10. cxd5 d6 11. Qc2 a5 12. Nc4 Nd7 13. Bd2 b6 14. Rac1 Nc5 15. b3 Qe7 16. e3 Ne4 17. Rfd1 Bd7 18. Be1 Rae8 19. Na3 Nc5 20. Bf1 g5 21. Nb5 f4 22. exf4 gxf4 23. a3 Bg5 24. b4 axb4 25. axb4 fxg3 26. hxg3 Bxc1 27. Qxc1 Ne4 28. Nd4 Qf6 29. Qe3 Ng5 30. Ne6 Nf3+ 31. Kg2 Rxe6 32. dxe6 Bc6 33. Bc3 Ng5+ 34. Kg1 Qh6 35. f4 Qh1+ 36. Kf2 Qh2+ 0-1

[Event "Portoroz/Ljubljana"]
[Site "Ljubljana"]
[Date "1975.06.08"]
[Round "6"]
[White "Portisch, Lajos"]
[Black "Mariotti, Sergio"]
[Result "1-0"]
[WhiteElo "2635"]
[BlackElo "2495"]
[PlyCount "79"]
[EventDate "1975.06.02"]
[Source "www.chesslib.no"]
[SourceDate "2004.05.04"]

1. d4 e6 2. c4 f5 3. g3 Nf6 4. Bg2 Be7 5. Nf3 O-O 6. O-O d5 7. Qc2 c6 8. Nbd2 a5 9. Ne5 Nbd7 10. Nd3 Bd6 11. Nf3 Qe7 12. Nfe5 Bb8 13. Bf4 Nxe5 14. Bxe5 Bxe5 15. dxe5 Nd7 16. Rfc1 b6 17. cxd5 cxd5 18. Qc6 Ba6 19. Nf4 Rae8 20. Qxe6+ Qxe6 21. Nxe6 Rxe6 22. Bxd5 Rfe8 23. Rc6 Kf7 24. f4 Bxe2 25. Rac1 R8e7 26. Rd6 Nf8 27. Rc8 Kg6 28. Rdd8 b5 29. Rxf8 Rb6 30. Rb8 Rxb8 31. Rxb8 Rc7 32. Rb6+ Kh5 33. Rc6 Rd7 34. Rd6 Rc7 35. Bc6 g5 36. Kf2 gxf4 37. Kxe2 fxg3 38. hxg3 Kg4 39. e6 Kxg3 40. Rd3+ 1-0

[Event "URS-JUG"]
[Site "Erevan ARM"]
[Date "1971.??.??"]
[Round "?"]
[White "Bagirov, Vladimir K"]
[Black "Ivkov, Borislav"]
[Result "1/2-1/2"]
[WhiteElo "2510"]
[BlackElo "2570"]
[PlyCount "33"]
[EventDate "1971.??.??"]
[Source "www.chesslib.no"]
[SourceDate "2004.05.04"]

1. d4 e6 2. c4 f5 3. g3 Nf6 4. Bg2 Be7 5. Nf3 d5 6. O-O O-O 7. Qc2 c6 8. Bf4 Bd7 9. Nbd2 Be8 10. Ne5 Nbd7 11. Ndf3 Bh5 12. Ng5 Qc8 13. Nxe6 Nxe5 14. dxe5 Qxe6 15. exf6 Bxf6 16. cxd5 cxd5 17. Qb3 1/2-1/2

[Event "Haninge"]
[Site "Haninge"]
[Date "1988.??.??"]
[Round "?"]
[White "Pinter, Jozsef"]
[Black "Karlsson, Lars"]
[Result "0-1"]
[WhiteElo "2570"]
[BlackElo "2510"]
[PlyCount "58"]
[EventDate "1988.05.??"]
[Source "ChessBase"]

1. d4 e6 2. c4 f5 3. g3 Nf6 4. Bg2 Be7 5. Nf3 O-O 6. O-O d5 7. Nbd2 Nc6 8. b3 a5 9. Bb2 Bd7 10. Ne5 Be8 11. f3 a4 12. Nxc6 Bxc6 13. Qc2 a3 14. Bc3 Qe8 15. Rae1 Qg6 16. e3 h5 17. f4 h4 18. gxh4 dxc4 19. Nxc4 Qxg2+ 20. Qxg2 Bxg2 21. Kxg2 Nd5 22. Bd2 Bxh4 23. Rc1 Bf6 24. Rfe1 Kf7 25. Rc2 b5 26. Na5 Bh4 27. Re2 Be7 28. Be1 Rxa5 29. Bxa5 b4 0-1

[Event "Moscow ol (Men)"]
[Site "Moscow"]
[Date "1994.??.??"]
[Round "3"]
[White "Chernin, Alexander"]
[Black "Nikolaidis, Ioannis"]
[Result "0-1"]
[WhiteElo "2615"]
[BlackElo "2460"]
[PlyCount "76"]
[EventDate "1994.11.??"]
[Source "ChessBase"]

1. d4 e6 2. c4 f5 3. g3 Nf6 4. Bg2 Be7 5. Nf3 O-O 6. d5 Bb4+ 7. Nbd2 Qe7 8. a3 Bxd2+ 9. Nxd2 a5 10. Qc2 d6 11. dxe6 Nc6 12. b3 Nd4 13. Qd1 Nxe6 14. Bb2 f4 15. Qc2 Nc5 16. gxf4 Nh5 17. Be4 Nxe4 18. Qxe4 Qxe4 19. Nxe4 Bf5 20. Ng3 Nxf4 21. Kd2 Rae8 22. h4 Bd7 23. f3 b5 24. Rac1 c5 25. e3 Ng2 26. Rcg1 Nxe3 27. Ne4 Nf5 28. Nxd6 Rd8 29. Nb7 Rb8 30. Nxc5 bxc4 31. Kc1 Rf7 32. Rg5 Rb5 33. Nxd7 Rxd7 34. a4 Rbd5 35. bxc4 Rc5 36. Kb1 h6 37. Rg4 Ne3 38. Rd4 Rdc7 0-1

[Event "ESP Team Ch"]
[Site "Oropesa del Mar ESP"]
[Date "1996.??.??"]
[Round "5"]
[White "Cramling, Pia"]
[Black "Spraggett, Kevin B"]
[Result "0-1"]
[WhiteElo "2520"]
[BlackElo "2545"]
[PlyCount "80"]
[EventDate "1996.??.??"]
[Source "www.chesslib.no"]
[SourceDate "2004.05.04"]

1. d4 e6 2. c4 f5 3. g3 Nf6 4. Bg2 Be7 5. Nf3 d5 6. O-O O-O 7. Bg5 c6 8. Nc3 Ne4 9. Bxe7 Qxe7 10. Qb3 Nd7 11. Rad1 Kh8 12. Qc2 Nd6 13. cxd5 exd5 14. Nb1 f4 15. Nc3 fxg3 16. hxg3 Nf6 17. Ne5 Ng4 18. Nxg4 Bxg4 19. Rde1 Rae8 20. e3 Bf3 21. Bxf3 Rxf3 22. Kg2 Ref8 23. e4 Qf7 24. exd5 cxd5 25. Qe2 Nf5 26. Qe6 Qxe6 27. Rxe6 Nxg3 28. Rc1 Nh5 29. Re2 Rd3 30. Re7 Nf4+ 31. Kf1 Rd2 32. Ne2 h6 33. Nxf4 Rxf4 34. Re2 Rfxd4 35. Rc7 Rxe2 36. Kxe2 Re4+ 37. Kd3 Rb4 38. Kc3 Rc4+ 39. Rxc4 dxc4 40. Kxc4 h5 0-1

[Event "ESP Team Ch"]
[Site "Oropesa del Mar ESP"]
[Date "1996.??.??"]
[Round "7"]
[White "Cramling, Pia"]
[Black "Campora, Daniel H"]
[Result "1/2-1/2"]
[WhiteElo "2520"]
[BlackElo "2540"]
[PlyCount "86"]
[EventDate "1996.??.??"]
[Source "www.chesslib.no"]
[SourceDate "2004.05.04"]

1. d4 e6 2. c4 f5 3. g3 Nf6 4. Bg2 Be7 5. Nf3 d5 6. O-O O-O 7. Qc2 c6 8. Nbd2 Qe8 9. Ne5 Nbd7 10. Nd3 Ne4 11. f3 Nxd2 12. Bxd2 Bf6 13. e3 Kh8 14. f4 g5 15. Bb4 Rg8 16. Bd6 gxf4 17. gxf4 c5 18. dxc5 dxc4 19. Qxc4 b6 20. Rf3 Rxg2+ 21. Kxg2 bxc5 22. Rg3 Bb7+ 23. Kg1 h5 24. Qb5 Bd5 25. Ne5 h4 26. Rg6 Bxe5 27. Bxe5+ Nxe5 28. Qxe8+ Rxe8 29. fxe5 Kh7 30. Rf6 Rg8+ 31. Kf1 h3 32. Rc1 c4 33. Rd1 Rg2 34. Rxd5 exd5 35. e6 Rg8 36. Rxf5 Kg6 37. Rxd5 Kf6 38. Rd4 Kxe6 39. Rxc4 Rg2 40. Rf4 Rxh2 41. Rf2 Rxf2+ 42. Kxf2 Kd5 43. Kg3 Ke4 1/2-1/2

[Event "Malmo"]
[Site "Malmo"]
[Date "1987.??.??"]
[Round "?"]
[White "Hansen, Curt"]
[Black "Karlsson, Lars"]
[Result "1/2-1/2"]
[WhiteElo "2550"]
[BlackElo "2495"]
[PlyCount "90"]
[EventDate "1987.12.??"]
[Source "www.chesslib.no"]
[SourceDate "2004.05.04"]

1. d4 e6 2. Nf3 f5 3. g3 Nf6 4. Bg2 d5 5. O-O Be7 6. c4 O-O 7. Nbd2 Nc6 8. a3 a5 9. b3 Ne4 10. e3 Bd7 11. Bb2 Be8 12. Nxe4 fxe4 13. Nd2 Bg6 14. f3 exf3 15. Rxf3 Bf6 16. Rf2 Ne7 17. Qg4 Bf5 18. Qe2 Qd7 19. Raf1 Bg6 20. Rf4 a4 21. b4 c6 22. g4 h6 23. e4 Bh7 24. cxd5 cxd5 25. e5 Bg5 26. Rxf8+ Rxf8 27. Rxf8+ Kxf8 28. Qf2+ Kg8 29. h4 Bxd2 30. Qxd2 Ng6 31. h5 Nh4 32. Bh1 Be4 33. Qf2 Bxh1 34. Kxh1 Qf7 35. Qxh4 Qf1+ 36. Kh2 Qe2+ 37. Kh1 Qxb2 38. Qd8+ Kh7 39. Qe8 Qc1+ 40. Kh2 Qb2+ 41. Kh1 Qc1+ 42. Kg2 Qd2+ 43. Kg3 Qe3+ 44. Kg2 Qe2+ 45. Kg3 Qe3+ 1/2-1/2

[Event "URS Army Team Ch"]
[Site "Simferopol UKR"]
[Date "1990.??.??"]
[Round "?"]
[White "Moskalenko, Viktor"]
[Black "Makarichev, Sergey Y"]
[Result "1/2-1/2"]
[WhiteElo "2515"]
[BlackElo "2510"]
[PlyCount "50"]
[EventDate "1990.??.??"]
[Source "www.chesslib.no"]
[SourceDate "2004.05.04"]

1. d4 e6 2. c4 f5 3. g3 Nf6 4. Bg2 Be7 5. Nf3 O-O 6. O-O d5 7. Bg5 c6 8. Qc2 h6 9. Bxf6 Bxf6 10. Nbd2 Bd7 11. e3 Be8 12. b4 Nd7 13. Nb3 Qe7 14. Rab1 dxc4 15. Qxc4 Bf7 16. Qc2 e5 17. dxe5 Nxe5 18. Nxe5 Bxe5 19. Nc5 Rad8 20. Rfd1 g6 21. Bf1 Rd6 22. Bc4 Rfd8 23. Bxf7+ Qxf7 24. Rxd6 Rxd6 25. Rd1 b6 1/2-1/2

[Event "Copenhagen Open"]
[Site "Copenhagen DEN"]
[Date "1989.??.??"]
[Round "8"]
[White "Groszpeter, Attila"]
[Black "Karlsson, Lars C-G"]
[Result "0-1"]
[WhiteElo "2500"]
[BlackElo "2515"]
[PlyCount "132"]
[EventDate "1989.06.??"]
[Source "www.chesslib.no"]
[SourceDate "2004.05.04"]

1. d4 e6 2. Nf3 f5 3. g3 Nf6 4. Bg2 Be7 5. c4 O-O 6. d5 Bb4+ 7. Bd2 Qe7 8. O-O Bxd2 9. Qxd2 e5 10. d6 Qxd6 11. Qxd6 cxd6 12. Nc3 Nc6 13. Rad1 Ne8 14. e4 f4 15. Nb5 Rf6 16. gxf4 Rxf4 17. Nxd6 Nxd6 18. Rxd6 Rxe4 19. Ng5 Rg4 20. f4 exf4 21. Nh3 Ne5 22. Nxf4 Nxc4 23. Nd5 h6 24. Ne7+ Kh7 25. Rd3 d5 26. b3 Nb6 27. Nxd5 Nxd5 28. Rxd5 b6 29. Rd2 Bb7 30. Rf7 Rb8 31. h3 Rg6 32. Kh2 Bxg2 33. Rxg2 a5 34. Rc7 Rf8 35. Rxg6 Kxg6 36. Kg2 Rf6 37. Rb7 Re6 38. Kf3 Kf6 39. Rb8 g5 40. Kg4 Re4+ 41. Kg3 Rb4 42. Rh8 Kg6 43. Rg8+ Kf6 44. Rh8 Kg7 45. Rc8 Rf4 46. Rb8 Rb4 47. Rc8 h5 48. Rc6 g4 49. Kh4 gxh3+ 50. Kxh3 Kf7 51. Rh6 h4 52. Kg2 Ke7 53. Kf3 Kd7 54. Ke3 Kc7 55. Kd3 Rb5 56. a4 Rb4 57. Kc3 Kd7 58. Kc2 Ke7 59. Kc3 Kf7 60. Rd6 Kg7 61. Rd7+ Kg6 62. Rd3 Kg5 63. Kd2 Kg4 64. Ke2 h3 65. Kf2 Rf4+ 66. Kg1 Rf3 0-1

[Event "Corr"]
[Site "?"]
[Date "2000.09.01"]
[Round "?"]
[White "Atakisi Fatih (TUR)"]
[Black "Andersen Jens (GER)"]
[Result "1-0"]
[WhiteElo "2495"]
[BlackElo "2514"]
[PlyCount "87"]
[EventDate "2000.??.??"]
[Source "www.chesslib.no"]
[SourceDate "2004.05.04"]

1. d4 e6 2. c4 f5 3. g3 Nf6 4. Bg2 Be7 5. Nf3 O-O 6. d5 Ne4 7. Nbd2 exd5 8. cxd5 Nd6 9. O-O Bf6 10. Nb3 b6 11. Nfd4 Be5 12. Qc2 Bb7 13. Nf3 Bf6 14. Bf4 Na6 15. Nfd4 g6 16. Bxd6 cxd6 17. Rac1 Nc5 18. Nb5 Qe7 19. Nxc5 bxc5 20. Rfe1 Rab8 21. Na3 Ba6 22. b3 Rb4 23. Qd2 Qg7 24. Rc2 Be5 25. e3 g5 26. f4 Bf6 27. Bf1 gxf4 28. Bxa6 fxg3 29. Nc4 gxh2+ 30. Kh1 Bh4 31. Rf1 Bg3 32. Qd1 Qg6 33. Rg2 h5 34. Rf4 Kh7 35. Qf3 h4 36. Rxh4+ Bxh4 37. Rxg6 Kxg6 38. e4 Rf6 39. Qf4 Bg5 40. exf5+ Rxf5 41. Qxd6+ Rf6 42. Qxc5 Rxa6 43. Qxb4 Rxa2 44. Qe1 1-0

[Event "Cannes"]
[Site "Cannes"]
[Date "1986.??.??"]
[Round "8"]
[White "Haik, Aldo"]
[Black "Karlsson, Lars"]
[Result "1/2-1/2"]
[WhiteElo "2475"]
[BlackElo "2520"]
[PlyCount "99"]
[EventDate "1986.02.??"]
[Source "ChessBase"]

1. d4 e6 2. c4 f5 3. g3 Nf6 4. Bg2 d5 5. Nf3 Be7 6. O-O O-O 7. Nbd2 Nc6 8. b3 Ne4 9. Bb2 a5 10. e3 Bd7 11. a3 Be8 12. Ne1 a4 13. Nxe4 fxe4 14. Bc3 Na5 15. Bxa5 Rxa5 16. b4 Ra6 17. f3 exf3 18. Nxf3 dxc4 19. Ne5 Rxf1+ 20. Qxf1 b5 21. Be4 Bf6 22. Qh3 g6 23. Qg4 Qe7 24. Qf4 g5 25. Qf3 Bxe5 26. dxe5 c5 27. bxc5 Qxc5 28. Rd1 Qe7 29. Rf1 Ra7 30. Bc6 Bg6 31. Bxb5 Bd3 32. Rf2 Qxa3 33. Qc6 Qe7 34. Bxa4 Kg7 35. h3 Qb4 36. Qf3 h6 37. Bc6 Qe7 38. Be4 Bxe4 39. Qxe4 Qc5 40. Rf6 Ra1+ 41. Kf2 Ra2+ 42. Kg1 Ra1+ 43. Kf2 Ra2+ 44. Kf3 Qd5 45. Rg6+ Kf7 46. Qxd5 exd5 47. Rxh6 Ra5 48. Rc6 Ra3 49. Rd6 Ra5 50. Rc6 1/2-1/2

[Event "Ch team"]
[Site "?"]
[Date "2001.??.??"]
[Round "4"]
[White "Markus Robert"]
[Black "Goloshchapov Alexander"]
[Result "1/2-1/2"]
[WhiteElo "2452"]
[BlackElo "2528"]
[PlyCount "115"]
[EventDate "2001.??.??"]
[Source "www.chesslib.no"]
[SourceDate "2004.05.04"]

1. d4 e6 2. c4 f5 3. g3 Nf6 4. Bg2 Be7 5. Nf3 O-O 6. O-O d5 7. Nbd2 Nc6 8. b3 b6 9. Bb2 Bb7 10. e3 Ne4 11. Qe2 a5 12. a3 Bd6 13. Rfc1 Qe7 14. Ne1 Nb8 15. Nd3 Na6 16. Nf3 c5 17. Nfe5 Rac8 18. a4 Rc7 19. f3 Nf6 20. Rc2 Rfc8 21. Rac1 Nb4 22. Nxb4 cxb4 23. cxd5 Bxe5 24. dxe5 Nxd5 25. Bd4 Nc3 26. Qe1 Bd5 27. Bxc3 Qe8 28. Bf1 Bxb3 29. Bb5 Qf7 30. Rb2 Rxc3 31. Rxc3 Rxc3 32. Qd2 Qc7 33. Qd6 Qxd6 34. exd6 Kf7 35. d7 Ke7 36. Rd2 Kd8 37. Rd6 Bc4 38. Rxb6 Bxb5 39. Rxb5 b3 40. Kg2 Rc2+ 41. Kh3 b2 42. Rb7 g5 43. g4 h5 44. gxf5 exf5 45. Kg3 Re2 46. h4 Rxe3 47. Kf2 Re5 48. Rxb2 gxh4 49. Rb6 Rc5 50. Rh6 Rc4 51. Rf6 f4 52. Ke2 Rxa4 53. Kd3 Kxd7 54. Rh6 Ke7 55. Rxh5 Kf6 56. Rxh4 Ra1 57. Ke4 Ra4+ 58. Kd3 1/2-1/2

[Event "Indonesia"]
[Site "Indonesia"]
[Date "1983.??.??"]
[Round "2"]
[White "Hulak, Krunoslav"]
[Black "Ardiansyah, Haji"]
[Result "0-1"]
[WhiteElo "2530"]
[BlackElo "2450"]
[PlyCount "106"]
[EventDate "1983.11.??"]
[Source "ChessBase"]

1. d4 f5 2. g3 Nf6 3. Bg2 e6 4. Nf3 Be7 5. O-O O-O 6. c4 d5 7. Qc2 c6 8. Ne5 Nbd7 9. Nd3 dxc4 10. Qxc4 Nb6 11. Qc3 Ne4 12. Bxe4 fxe4 13. Ne5 Qd5 14. Qe3 c5 15. Nc3 Qxd4 16. Qxe4 Rf5 17. Nf3 Qxe4 18. Nxe4 Bd7 19. g4 Rff8 20. Ne5 Bb5 21. Be3 Nd5 22. Bxc5 Rf4 23. Nd6 Bxd6 24. Bxd6 Rd8 25. Ba3 Bxe2 26. Rfe1 Re4 27. Rad1 Rxe5 28. Rd2 b5 29. Be7 Rd7 30. Bh4 Re4 31. Rexe2 Rxe2 32. Rxe2 Nf4 33. Re1 Rd2 34. Bg3 Ne2+ 35. Kg2 Nxg3 36. Kxg3 Rxb2 37. a4 bxa4 38. Rxe6 Rb6 39. Re2 a3 40. Ra2 Ra6 41. Kf4 Kf7 42. Ke5 Ra4 43. f4 a6 44. h4 g6 45. f5 h6 46. fxg6+ Kxg6 47. Kd6 h5 48. g5 a5 49. Ke5 Rxh4 50. Rxa3 a4 51. Rc3 Kxg5 52. Rc8 Rb4 53. Ra8 Kg4 0-1

[Event "Oslo"]
[Site "Oslo"]
[Date "1986.??.??"]
[Round "?"]
[White "Tisdall, Jonathan D"]
[Black "Karlsson, Lars"]
[Result "1-0"]
[WhiteElo "2455"]
[BlackElo "2520"]
[PlyCount "57"]
[EventDate "1986.03.??"]
[Source "ChessBase"]

1. d4 e6 2. c4 f5 3. Nf3 Nf6 4. g3 d5 5. Bg2 Be7 6. O-O O-O 7. Nbd2 Nc6 8. b3 Ne4 9. Bb2 a5 10. Nxe4 fxe4 11. Ne1 a4 12. Nc2 Bd7 13. Ne3 a3 14. Bc3 Bb4 15. Bxb4 Nxb4 16. Qd2 Qe7 17. Rac1 c6 18. c5 Na6 19. Ng4 b6 20. cxb6 Qb4 21. Qe3 Qxb6 22. Ne5 Qc7 23. f3 Nb4 24. Qd2 exf3 25. Qxb4 fxg2 26. Rxf8+ Rxf8 27. Qe7 Qa7 28. Rd1 h6 29. Nxd7 1-0

[Event "Balatonbereny"]
[Site "Balatonbereny"]
[Date "1996.??.??"]
[Round "6"]
[White "Romanishin, Oleg M"]
[Black "Wach, Markus"]
[Result "1-0"]
[WhiteElo "2590"]
[BlackElo "2380"]
[PlyCount "77"]
[EventDate "1996.06.13"]
[Source "ChessBase"]

1. Nf3 f5 2. g3 Nf6 3. Bg2 e6 4. d4 Be7 5. c4 O-O 6. d5 Ne4 7. O-O Bf6 8. Qc2 d6 9. dxe6 Nc6 10. Nbd2 Nxd2 11. Bxd2 Bxe6 12. Rad1 a5 13. b3 h6 14. Rfe1 Qe8 15. Bc3 Rb8 16. e3 Nb4 17. Qd2 Bxc3 18. Qxc3 Bd7 19. c5 dxc5 20. Qxc5 b6 21. Qxc7 Bc6 22. Rd2 Rb7 23. Qe5 Re7 24. Qd4 Kh7 25. a3 Rd7 26. Qc3 Rxd2 27. Qxd2 Na6 28. b4 axb4 29. axb4 Qe7 30. b5 Bxb5 31. Nd4 Bd7 32. e4 Re8 33. Ra1 Nc5 34. exf5 Qe5 35. g4 Bxf5 36. gxf5 Rd8 37. Rd1 Nb3 38. Qe3 Rxd4 39. Qxb3 1-0

[Event "Val Thorens A"]
[Site "?"]
[Date "1996.??.??"]
[Round "4"]
[White "Horvath Csaba"]
[Black "Minzer Claudio Javier"]
[Result "1-0"]
[WhiteElo "2530"]
[BlackElo "2425"]
[PlyCount "83"]
[EventDate "1996.??.??"]
[Source "www.chesslib.no"]
[SourceDate "2004.05.04"]

1. d4 e6 2. g3 f5 3. Bg2 Nf6 4. c4 Be7 5. Nf3 d5 6. O-O O-O 7. Nbd2 Nc6 8. e3 Ne4 9. a3 a5 10. b3 Bd7 11. Bb2 Be8 12. Ne1 Bh5 13. f3 Bd6 14. Qc2 Nxd2 15. Qxd2 dxc4 16. bxc4 a4 17. Qc2 Nb8 18. Nd3 c6 19. e4 Nd7 20. e5 Be7 21. Rad1 Qb6 22. Kh1 Rfc8 23. Qe2 Qa6 24. g4 fxg4 25. fxg4 Bf7 26. d5 cxd5 27. cxd5 Bg6 28. Qd2 Bxd3 29. Qxd3 Qxd3 30. Rxd3 Rc2 31. Bd4 Rb8 32. dxe6 Nf8 33. Bd5 Rd8 34. Bb6 Rdc8 35. h4 Rb2 36. Bd4 Rb5 37. Be3 Rd8 38. Rfd1 Ng6 39. Bg5 Nxe5 40. Bxe7 Nxd3 41. Bxd8 Rxd5 42. e7 1-0

[Event "Ch team"]
[Site "?"]
[Date "2001.??.??"]
[Round "5"]
[White "Kiss Pal"]
[Black "Goloshchapov Alexander"]
[Result "1/2-1/2"]
[WhiteElo "2400"]
[BlackElo "2528"]
[PlyCount "62"]
[EventDate "2001.??.??"]
[Source "www.chesslib.no"]
[SourceDate "2004.05.04"]

1. d4 e6 2. c4 f5 3. g3 Nf6 4. Bg2 Be7 5. Nf3 O-O 6. O-O d5 7. Qc2 Nc6 8. b3 b6 9. cxd5 Nb4 10. Qd1 Nfxd5 11. Ne5 Bb7 12. a3 Na6 13. Bb2 Bf6 14. Nd2 Bxe5 15. dxe5 Nc5 16. b4 Nd7 17. e4 fxe4 18. Nxe4 Qe7 19. Re1 a5 20. b5 Nc5 21. Qc2 Nxe4 22. Bxe4 h6 23. Rac1 Rf7 24. Qe2 Raf8 25. Rf1 Qg5 26. Kh1 Qd8 27. Kg1 Qg5 28. Kh1 Ba8 29. f4 Qd8 30. Kg1 Rd7 31. Rcd1 Qe7 1/2-1/2

[Event "Kolhapur"]
[Site "Kolhapur"]
[Date "1987.??.??"]
[Round "?"]
[White "Lukacs, Peter"]
[Black "Prasad, Devaki V"]
[Result "1-0"]
[WhiteElo "2500"]
[BlackElo "2425"]
[PlyCount "55"]
[EventDate "1987.??.??"]
[Source "www.chesslib.no"]
[SourceDate "2004.05.04"]

1. d4 e6 2. c4 f5 3. g3 Nf6 4. Bg2 d5 5. Nf3 Be7 6. O-O O-O 7. Qc2 c6 8. Nbd2 Bd7 9. Ne5 Be8 10. Nd3 Nbd7 11. Nf3 Ne4 12. b3 Rc8 13. Bb2 Bh5 14. Rac1 g5 15. Nfe5 Nxe5 16. Nxe5 Qe8 17. f3 Nd6 18. e4 h6 19. Rfe1 Qd8 20. c5 Nb5 21. exf5 exf5 22. Bh3 Rf6 23. Bxf5 Nc7 24. Bxc8 Qxc8 25. Nxc6 bxc6 26. Rxe7 Bg6 27. Qe2 g4 28. Qe5 1-0

[Event "It (Men) Alushta UKR"]
[Site "?"]
[Date "2005.09.28"]
[Round "5"]
[White "Truskavetsky Alexandr"]
[Black "Obukhov Alexander"]
[Result "1/2-1/2"]
[WhiteElo "2399"]
[BlackElo "2522"]
[PlyCount "115"]
[EventDate "2005.??.??"]
[Source "www.chesslib.no"]
[SourceDate "2004.05.04"]

1. d4 f5 2. g3 Nf6 3. Bg2 e6 4. c4 Be7 5. Nf3 O-O 6. d5 Ne4 7. O-O Bf6 8. Qc2 Na6 9. dxe6 dxe6 10. Bf4 Nb4 11. Qc1 Nc6 12. Nfd2 Nd4 13. Re1 Nc5 14. Nc3 e5 15. Be3 c6 16. b4 Nce6 17. Rb1 Qe7 18. c5 Nd8 19. Nc4 Be6 20. Na4 Nf7 21. Bxd4 exd4 22. Nab2 Ne5 23. a4 Qd7 24. b5 Bd5 25. Nxe5 Bxe5 26. Bxd5+ Qxd5 27. Qc4 Qf7 28. Qxf7+ Rxf7 29. Nc4 Re8 30. Red1 Rfe7 31. bxc6 bxc6 32. Nd6 Bxd6 33. cxd6 Rd7 34. Rxd4 Re6 35. Rbd1 Kf7 36. e3 Kf6 37. Kf1 Re4 38. Ke2 Ke6 39. Rxe4+ fxe4 40. Rd4 Ke5 41. f4+ exf3+ 42. Kxf3 h5 43. Re4+ Kxd6 44. Rd4+ Ke6 45. Rxd7 Kxd7 46. Ke4 g5 47. a5 h4 48. gxh4 gxh4 49. h3 Kd6 50. Kd4 c5+ 51. Kc4 Kc6 52. e4 Kd6 53. a6 Ke5 54. Kxc5 Kxe4 55. Kc6 Ke5 56. Kb7 Kd6 57. Ka8 Kc6 58. Kxa7 1/2-1/2

[Event "Metz Open"]
[Site "Metz FRA"]
[Date "1991.??.??"]
[Round "?"]
[White "Moskalenko, Viktor"]
[Black "Bellin, Robert"]
[Result "1/2-1/2"]
[WhiteElo "2525"]
[BlackElo "2390"]
[PlyCount "91"]
[EventDate "1991.04.??"]
[Source "www.chesslib.no"]
[SourceDate "2004.05.04"]

1. d4 f5 2. g3 Nf6 3. Bg2 e6 4. c4 Be7 5. Nf3 d5 6. O-O O-O 7. Qc2 c6 8. Bg5 Ne4 9. Bxe7 Qxe7 10. Nc3 Nd7 11. e3 Nd6 12. cxd5 cxd5 13. Ne5 Nxe5 14. dxe5 Nf7 15. f4 Bd7 16. Qb3 Qc5 17. Ne2 Qb5 18. Nd4 Qxb3 19. axb3 Rfc8 20. Bxd5 exd5 21. e6 Bxe6 22. Nxe6 Rc2 23. Rf2 Rac8 24. Nd4 Rc1+ 25. Rf1 Rxa1 26. Rxa1 Nd6 27. Kf2 a6 28. Ke2 Rc5 29. Kd3 g6 30. Ne2 Kf7 31. Nc3 a5 32. Kd4 b6 33. Nxd5 Nb5+ 34. Ke5 Nc7 35. Rd1 Rb5 36. g4 Nxd5 37. Rxd5 Rxd5+ 38. Kxd5 fxg4 39. e4 h5 40. Kd4 h4 41. Ke3 Kf6 42. Kf2 Ke6 43. Ke2 Kf6 44. Kf2 Ke6 45. Ke2 Kf6 46. Kf2 1/2-1/2

[Event "Copenhagen Open"]
[Site "Copenhagen DEN"]
[Date "1989.??.??"]
[Round "9"]
[White "Lalic, Bogdan"]
[Black "Bellin, Robert"]
[Result "1-0"]
[WhiteElo "2525"]
[BlackElo "2390"]
[PlyCount "71"]
[EventDate "1989.06.??"]
[Source "www.chesslib.no"]
[SourceDate "2004.05.04"]

1. Nf3 e6 2. c4 f5 3. g3 Nf6 4. Bg2 Be7 5. O-O O-O 6. d4 d5 7. Qc2 Nc6 8. b3 Ne4 9. Bb2 Bd7 10. e3 a5 11. Nc3 Be8 12. a3 g5 13. cxd5 exd5 14. Ne5 Bf6 15. Ne2 Qe7 16. Rfc1 Rc8 17. f3 Nd6 18. f4 Ne4 19. Nc3 Rd8 20. Na4 Bg7 21. Nc5 Rb8 22. b4 Bxe5 23. dxe5 axb4 24. axb4 Bf7 25. b5 Nb4 26. Qa4 Nxc5 27. Qxb4 b6 28. Bd4 Ra8 29. Ra3 Rfb8 30. Bf1 Qf8 31. Bxc5 bxc5 32. Rxc5 Rxa3 33. Qxa3 Ra8 34. Qc3 Ra2 35. Rxc7 Qh6 36. h4 1-0

[Event "Villa de Benasque 19th op"]
[Site "Benasque"]
[Date "1999.??.??"]
[Round "4"]
[White "Kuzmin, Alexey"]
[Black "Teran Alvarez, Ismael"]
[Result "1-0"]
[WhiteElo "2571"]
[BlackElo "2342"]
[PlyCount "69"]
[EventDate "1999.??.??"]
[Source "www.chesslib.no"]
[SourceDate "2004.05.04"]

1. d4 e6 2. c4 f5 3. g3 Nf6 4. Bg2 Be7 5. Nf3 O-O 6. d5 Bb4+ 7. Bd2 Qe7 8. Nc3 Ne4 9. Nxe4 fxe4 10. Nd4 exd5 11. O-O Bxd2 12. Qxd2 dxc4 13. Nb5 Qe5 14. Nc3 c6 15. Nxe4 d5 16. Nc3 Bf5 17. Nxd5 Na6 18. Nc3 Rad8 19. Qg5 h6 20. Qh5 Rd2 21. e4 Rxb2 22. Rac1 Nc5 23. Nd1 Nd3 24. Nxb2 Nxc1 25. Nxc4 Qc3 26. Nd6 Be6 27. e5 Bc4 28. Be4 Ne2+ 29. Kg2 Nxg3 30. hxg3 Bxf1+ 31. Kxf1 Qxg3 32. Bf5 Qf4 33. Qg6 Qc1+ 34. Ke2 Qb2+ 35. Kf3 1-0